The star zoo / (Record no. 2773)

MARC details
000 -LEADER
fixed length control field 01526cam a2200325 a 4500
005 - DATE AND TIME OF LATEST TRANSACTION
control field 20240115095207.0
020 ## - INTERNATIONAL STANDARD BOOK NUMBER
International Standard Book Number 9780194791311 (pbk.)
020 ## - INTERNATIONAL STANDARD BOOK NUMBER
International Standard Book Number 0194791319 (pbk.)
040 ## - CATALOGING SOURCE
Original cataloging agency VLB
Transcribing agency VLB
Modifying agency DLC
Language of cataloging eng
050 00 - LIBRARY OF CONGRESS CALL NUMBER
Classification number PE1126.A4
Item number G555 2008
082 00 - DEWEY DECIMAL CLASSIFICATION NUMBER
Classification number 428.6
Edition number 22
100 1# - MAIN ENTRY--PERSONAL NAME
Personal name Gilbert, Harry
Dates associated with a name 1946-
245 14 - TITLE STATEMENT
Title The star zoo /
Statement of responsibility, etc. Harry Gilbert
250 ## - EDITION STATEMENT
Edition statement This edition Oxford University Press 2008
260 ## - PUBLICATION, DISTRIBUTION, ETC.
Place of publication, distribution, etc. Oxford ;
Name of publisher, distributor, etc. Oxford University Press,
Date of publication, distribution, etc. 2008
300 ## - PHYSICAL DESCRIPTION
Extent 72 pages :
Other physical details illustrations ;
Dimensions 20 cm
490 0# - SERIES STATEMENT
Series statement Oxford Bookworms Library ; Stage 3, Fantasy & horror
500 ## - GENERAL NOTE
General note "First published in Oxford Bookworms, 1992"--T.p. verso.
505 0# - FORMATTED CONTENTS NOTE
Formatted contents note G
520 ## - SUMMARY, ETC.
Summary, etc. Oxford Bookworms offer students at all levels the opportunity to extend their reading and appreciation of English. There are six stages, taking students from elementary to advanced level. At the lower stages, many of the texts have been specially written for the series, to provide elementary and lower-intermediate students with an introduction to real reading in English. At the higher stages, most of the books have been adapted from works originally published for native speakers.
521 ## - TARGET AUDIENCE NOTE
Target audience note 420
Source Lexile
521 ## - TARGET AUDIENCE NOTE
Target audience note G
Source Raz-Plus
650 #0 - SUBJECT ADDED ENTRY--TOPICAL TERM
Topical term or geographic name entry element Readers (Adult)
650 #0 - SUBJECT ADDED ENTRY--TOPICAL TERM
Topical term or geographic name entry element English language
Form subdivision Textbooks for foreign speakers.
650 #0 - SUBJECT ADDED ENTRY--TOPICAL TERM
Topical term or geographic name entry element Reading comprehension
Form subdivision Problems, exercises, etc.
655 #7 - INDEX TERM--GENRE/FORM
Genre/form data or focus term Fantasy fiction.
Source of term gsafd
906 ## - LOCAL DATA ELEMENT F, LDF (RLIN)
a 7
b cbc
c copycat
d 2
e ncip
f 20
g y-gencatlg
942 ## - ADDED ENTRY ELEMENTS (KOHA)
Source of classification or shelving scheme Dewey Decimal Classification
Koha item type Books
Suppress in OPAC No
999 ## -
-- 2773
-- 2773
Holdings
Withdrawn status Lost status Source of classification or shelving scheme Damaged status Not for loan Collection Home library Current library Shelving location Date acquired Total Checkouts Full call number Barcode Date last seen Date last checked out Price effective from Koha item type
    Dewey Decimal Classification     Juvenile Fiction Footprints International School Library Network Toul Kork Campus Footprints International School Library Network Toul Tom Poung Campus   01/15/2024 3 GIL 428.6 PE1126.A4 FIS00260 03/27/2026 03/13/2026 01/15/2024 Books